Ciencia-Mundo: orden republicano, arte y nación en América

Salvato in:
Dettagli Bibliografici
Autore principale: Sagredo Baeza, Rafael (Autore)
Natura: Libro
Lingua:spagnolo
Pubblicazione: Santiago Universitaria 2010
Serie:Colección Viajeros
Soggetti:
Tags: Aggiungi Tag
Nessun Tag, puoi essere il primo ad aggiungerne!!

MARC

LEADER 00000cam a2200000 a 4500
001 UCG9040
003 CL-VaPUC
008 120120e20100000CL |||||||||||||||||spa|d
020 |a 9789561121874 
082 0 4 |a 509.8  |b SAG  |2 21 
100 0 |a Sagredo Baeza, Rafael  |e author  |9 560406 
245 1 0 |a Ciencia-Mundo: orden republicano, arte y nación en América 
300 |a 341 p 
942 |c BK 
945 |d 20120120 00:00:00  |a dcastane 
260 |a Santiago  |b Universitaria  |c 2010 
650 0 |a Ciencia  |9 255691 
650 0 |a Historia  |9 255047 
651 0 |a América Latina   |9 255027 
583 |a last modification  |c 20120120 10:38:00  |k Rodrigo Vera 
490 0 |a Colección Viajeros 
999 |c 346625  |d 346623 
952 |0 0  |1 0  |4 0  |6 509_800000000000000_SAG_2010  |7 0  |8 A  |9 447420  |a BIBHIS  |b BIBHIS  |d 2019-11-22  |i 4831004  |l 1  |o 509.8 SAG 2010  |p 4831004  |r 2025-01-20  |s 2022-12-05  |w 2019-11-22  |y BK  |k HIS 
952 |0 0  |1 0  |4 0  |6 509_800000000000000_SAG_2010  |7 0  |8 X  |9 447421  |a FDOBUD  |b FDOBUD  |d 2019-11-22  |i 4796055  |o 509.8 SAG 2010  |p 4796055  |r 2019-11-22  |w 2019-11-22  |y BK_X  |k BUD